Prénoms filles 2012 - Statistiques

Statistiques générales
  • Ce quiz a été pris 302 fois
  • Le résultat moyen est 50 sur 100
Statistiques - réponses
Hint Lettre Prénoms % Correct
3 L Léa
90%
1 E Emma
89%
2 C Chloé
88%
11 L Lou
88%
10 Z Zoé
84%
55 J Julie
81%
40 M Marie
77%
4 L Louise
76%
9 C Clara
74%
5 M Manon
74%
7 J Jade
70%
80 S Sara
70%
54 C Camille
69%
13 I Inès
69%
18 J Juliette
69%
28 A Anna
68%
33 L Lisa
68%
6 L Lola
68%
27 J Julia
67%
12 L Lilou
66%
21 L Lucie
65%
14 E Eva
64%
25 J Jeanne
63%
52 P Pauline
63%
44 E Élise
60%
8 L Léna
60%
57 L Lise
60%
24 R Romane
60%
16 A Alice
59%
37 C Charlotte
59%
60 E Élisa
59%
15 L Lina
58%
53 L Laura
57%
34 N Noémie
57%
32 C Clémence
56%
38 L Louane
56%
29 R Rose
56%
63 V Valentine
56%
20 S Sarah
55%
62 E Émilie
54%
59 J Justine
54%
42 O Océane
54%
17 L Louna
53%
41 M Mathilde
53%
39 L Lily
51%
22 A Anaïs
50%
19 M Maëlys
50%
100 M Marion
50%
26 N Nina
50%
31 E Elena
49%
23 A Ambre
48%
50 L Lana
48%
36 M Margaux
48%
66 O Olivia
47%
43 A Alicia
46%
35 C Célia
46%
81 E Éloïse
46%
45 M Margot
46%
58 A Adèle
45%
67 G Gabrielle
45%
85 L Lila
45%
87 V Victoire
45%
69 Y Yasmine
45%
97 C Cloé
44%
90 H Héloïse
42%
47 L Luna
42%
51 M Maëlle
42%
46 A Agathe
41%
56 M Maeva
41%
82 V Victoria
41%
64 L Léane
40%
30 L Léonie
40%
65 E Elsa
39%
70 M Mila
39%
71 S Sofia
39%
98 Z Zélie
38%
49 L Léana
37%
68 M Mélissa
36%
48 M Mélina
35%
74 S Salomé
35%
73 E Emy
34%
76 F Faustine
34%
78 E Éléa
32%
86 M Maya
32%
72 C Capucine
31%
91 M Méline
31%
77 T Thaïs
31%
75 A Anaëlle
30%
88 E Elina
28%
92 G Giulia
26%
93 E Emmy
25%
83 E Enora
21%
79 A Apolline
20%
84 L Lyna
20%
61 A Aya
19%
99 C Candice
18%
96 L Lylou
16%
94 E Enola
15%
89 A Assia
14%
95 M Maïssa
8%
Aucun quiz correspondant
Distribution des résultats
% des personnes avec chaque résultat
Percentile par nombre de réponses
Votre historique - résultats
Vous n’avez pas pris ce quiz